Literárna veda Z hľadiska sociológie

Bibliographic Details
Main Authors: (P) (Author), (pš) (Author)
Format: Article
Language:Slovak
Subjects:

MARC

LEADER 00000nab a2200000 a 4500
001 vtls000273630
003 SK-MaSNL
005 20260305022239.0
008 160215c1987 xo 0 slo
015 |a SNBRB19rr/mm-uuuuu 
035 |a CL0283744 
040 |a SNKBUCL  |b slo  |c SNKBUCL  |e AACR2 
041 0 |a slo 
044 |a xo  |c SK 
080 |a 82.0(048)  |2 1981 
080 |a 82  |2 1981 
080 |a 301(048)  |2 1981 
100 1 |a (P)  |4 aut  |9 895056 
245 1 0 |a Literárna veda  |b Z hľadiska sociológie  |c (p), (pš) 
650 0 7 |a literárna veda  |2 snkbucl  |9 1137 
650 0 7 |a sociológia literatúry  |2 snkbucl  |9 23744 
650 0 7 |a monografie  |2 snkbucl  |9 256509 
655 7 |a recenzie  |2 snkbucl  |9 21907 
655 7 |a články z odboru literárna veda a krásna literatúra  |2 snkbucl  |9 770045 
655 7 |a články z novín a časopisov  |2 snkbucl  |9 267496 
700 1 |a (pš)  |4 aut  |9 900393 
773 0 |t Nové knihy  |g Č. 12 (1987), s. 2 
787 0 8 |i Rec.:  |a Škamla, Ján  |t Podoby sociálnej skutočnosti v literárnoumeleckom diele  |d Bratislava : Tatran, 1986 
850 |a Slovenská národná knižnica v Martine  |a MTA001 
852 |a SNK  |b KIS3GCP 
958 |a BX 
958 |a RK 
958 |a LX 
992 |a RBX 
999 |c 3289813  |d 3291743